Deus na filosofia do século XX
Պահպանված է:
| Հիմնական հեղինակներ: | , |
|---|---|
| Ձևաչափ: | Գիրք |
| Լեզու: | պորտուգալերեն |
| Հրապարակվել է: |
Sao Paulo
Edicoes Loyola Jesuitas
2012
|
| Հրատարակություն: | 4a. ed |
| Խորագրեր: | |
| Ցուցիչներ: |
Ավելացրեք ցուցիչ
Չկան պիտակներ, Եղեք առաջինը, ով նշում է այս գրառումը!
|
MARC
| LEADER | 00000cam a2200000 a 4500 | ||
|---|---|---|---|
| 001 | UCB0075 | ||
| 003 | CL-VaPUC | ||
| 005 | 20210528001950.0 | ||
| 008 | 191206e20120000bl por d | ||
| 020 | |a 9788515016211 | ||
| 082 | 0 | 4 | |a 192 |b PEN |2 21 |
| 100 | 1 | |a Penzo, Giorgio |e author |9 605367 | |
| 700 | |a Gibellini, Rosino |e author |9 605368 | ||
| 245 | 1 | 0 | |a Deus na filosofia do século XX |
| 250 | |a 4a. ed | ||
| 260 | |a Sao Paulo |b Edicoes Loyola Jesuitas |c 2012 | ||
| 300 | |a 663 p | ||
| 583 | |a last modification |c 20191206 10:52:00 |k Rodrigo Vera | ||
| 650 | 0 | 0 | |a Historia de la filosofía |9 256920 |
| 942 | |c BK | ||
| 945 | |a dcastane |d 20191206 10:52:00 | ||
| 999 | |c 376300 |d 376298 | ||
| 952 | |0 0 |1 0 |3 erb |4 0 |6 192_000000000000000_PEN_2012 |7 0 |8 A |9 495672 |a BIBTEO |b BIBTEO |i 5607604 |o 192 PEN 2012 |p 5607604 |r 2025-01-17 |w 2020-01-06 |y BK |z Catalogado en:20191206 |k ICR | ||